MDQL
is popping MORE tags! Check the
thread
!
Quizzes
Events
Quiz Creation
Community
Videos
Private Events
Remove Ads
Sign In
Join for FREE
Feedback
Dark Mode
Quiz Categories
Sports
Geography
Music
Movies
Television
Just For Fun
Miscellaneous
History
Literature
Language
Science
Gaming
Entertainment
Religion
Holiday
For Kids
Quiz Lab
Recent
Popular Today
Quiz Kudos Today
Editor Picks
Curator Picks
Quizzes by...
Day
Popularity
Type
Ratings
Length
Year
Community
Subscriptions
Recent Discussions
Orange Saloon
Badges
Playlists
Quests
Create
Leaderboards
Showdown
Live 5
Trivia Bingo
Activity
Puzzle Library
Sporcle Events
Private Events
Virtual Trivia
Globe League
Become a Host
Pub Owners
SporcleCon
Opinionation
Our Games
Videos
Blog
Mobile Apps
Partnerships
Remove Ads and Go Orange
Feedback
Sports
Athletes
MLB
NBA
NHL
NFL
Soccer
Sports Teams
WWE
NCAA
Football
Premier League
Basketball
Baseball
Hockey
Golf
Tennis
Cricket
Rugby
Auto Racing
Olympics
World Cup
Sports
Athletes
MLB
NBA
NHL
NFL
Soccer
Sports Teams
WWE
NCAA
Football
Premier League
Basketball
Baseball
Hockey
Golf
Tennis
Cricket
Rugby
Auto Racing
Olympics
World Cup
Random Quiz
Search Sporcle
×
Quiz Lab
Quiz Lab
Sports
Wales
Type in answers that appear in a list
Type in answers that appear in a list
Classic
Best Score? Go Orange.
Scored a Try for Wales (6 Nations) Stats
Can you name the players who have scored at least one try for Wales in the 6 Nations (2000-Present)?
By
SporcleEXP
10m
56 Questions
269 Plays
269 Plays
269 Plays
Comments
Comments
Give Quiz Kudos
Give Quiz Kudos
-
- Ratings
hide this ad
Replay
Link that replays current quiz
Next Quiz
Link to next quiz in quiz playlist
You Got
0%
They Got
Avg Score
76%
Avg Friend Score
Upgrade to see
Score Distribution
Jump to the score distribution portion of the page
Score
0/56
Timer
10:00
0
Plays Today
Hint
Answer
% Correct
23 Tries
Shane Williams
99.3%
7 Tries
Martyn Williams
98.1%
15 Tries
George North
97.8%
9 Tries
Rhys Williams
97.8%
4 Tries
Scott Williams
97.8%
6 Tries
Liam Williams
97.8%
1 Try
Rhodri Williams
95.2%
1 Try
Alun Wyn Jones
95.2%
6 Tries
Jonathan Davies
94.8%
4 Tries
Stephen Jones
94.8%
2 Tries
Adam Jones
94.8%
2 Tries
Gareth Davies
94.8%
1 Try
Ryan Jones
94.8%
6 Tries
Gareth Thomas
93.7%
2 Tries
Mark Jones
93.7%
8 Tries
Alex Cuthbert
93.3%
7 Tries
Jamie Roberts
92.6%
1 Try
Gethin Jones
91.8%
1 Try
Jonathan Thomas
91.8%
1 Try
Gethin Jenkins
90.7%
1 Try
Neil Jenkins
90.3%
3 Tries
Sam Warburton
89.6%
7 Tries
Leigh Halfpenny
88.1%
3 Tries
Taulupe Faletau
88.1%
2 Tries
Mike Phillips
88.1%
9 Tries
Tom Shanklin
85.1%
4 Tries
Rhys Webb
83.6%
1 Try
Dwayne Peel
83.6%
Hint
Answer
% Correct
5 Tries
James Hook
81.4%
3 Tries
Dan Biggar
81.4%
4 Tries
Kevin Morgan
79.9%
4 Tries
Scott Quinnell
79.2%
1 Try
Craig Morgan
79.2%
1 Try
Craig Quinnell
78.4%
2 Tries
Dafydd James
77.3%
5 Tries
Lee Byrne
71.7%
2 Tries
Rob Howley
71.7%
1 Try
Matthew Rees
69.9%
3 Tries
Gareth Cooper
69.1%
1 Try
Scott Gibbs
66.5%
3 Tries
Mark Taylor
65.8%
2 Tries
Rob Sidoli
63.2%
1 Try
Brent Cockbain
62.5%
1 Try
Richard Hibbard
61.7%
2 Tries
Ross Moriarty
58.4%
1 Try
Alix Popham
56.1%
1 Try
Shane Howarth
53.2%
1 Try
Hal Luscombe
52.4%
1 Try
Iestyn Harris
48.7%
1 Try
Allan Bateman
47.6%
2 Tries
Morgan Stoddart
45.7%
1 Try
Jamie Robinson
45%
1 Try
Andy Marinos
41.6%
1 Try
Craig Mitchell
41.3%
1 Try
Chris Horsman
33.8%
2 Tries
Nathan Budgett
29.7%
Quiz Playlist
Details
Report
Send in Message
Add To Playlist
Classic:
Type in answers that appear in a list
Last Updated: Mar 13, 2017
Quiz Scoreboard
CHALLENGE
Sign Up to Join the Scoreboard
Show All
Scores
Hide
Comments
May contain spoilers
Recently Published
Colored Red Africa Blitz
by spor1
Geography
30s
Find the 'City' Movie
by crazypaving
Movies
60s
5x2 Blitz: Bands
by SL_Kpop136
Music
30s
More to Explore
Quiz From the Vault
Featured Blog Post
14 Easter Pick-up Lines to Find Eggs With
hide this ad
You Might Also Like...
Tags
International Rugby
Rugby Union
Six Nations
Wales
Today's Top Quizzes in Sports
Browse Sports
hide this ad
Today's Top Quizzes in Wales
Browse Wales
Top Contributed Quizzes in Sports
1
Players with Multiple 50 Home Run Seasons
2
Who Needs Fielders?
3
Criteria MLB: Left Handed Sluggers
4
MLB Players with Two .350 Batting Average Seasons
5
Who Hit More Homers?
6
2020 F1 Drivers Logic Puzzle
7
NBA Teammate Connections
8
Premier League Clubs since 2000 (minefield)
9
MLB Teams by First Game
10
Top 10 NHL Goal Scorers of All Time
Explore More
Trending Topics
Kpop
Disney
Marvel
Anime
Crossword
Harry Potter
NBA
The Office
Song
Country
Puzzle
WWE
Pokémon
NFL
Soccer
hide this ad
More By:
SporcleEXP
Quiz
Plays
Rating
Category
Featured
Created
Harry Potter Deaths in Order Minefield
3,068,749
4.18
Literature
Jan 27, 2016
Sins, Dwarfs, and Spice Girls
847,307
4.42
Just For Fun
Apr 11, 2012
Ancient History Bunker
708,278
4.28
History
Jan 20, 2014
Movie Posters VI
679,077
4.37
Movies
Nov 12, 2010
Movie Posters VII
621,898
4.44
Movies
Apr 16, 2011
Go to Creator's Profile
Score Distribution
Quiz Creator Spotlight
SporcleEXP
Follow
Send a Message
Quizzes Created
-
Created Quiz Play Count
-
More By This Creator
Popular Quizzes Today
1
5x2 Blitz: Bands
2
Find the 'City' Movie
3
Find the US States - No Outlines Minefield
4
Colored Red Africa Blitz
5
The Countries of the World
6
Find the US States
7
9x9 Crossword: Cartoon Network
8
Risky Map Clicking: Biggest States A-Z
More Sports Quizzes
'D' Big 4 on a Map
Published
Trending Quizzes
Colored Red Africa Blitz II
Colored Red Europe Blitz I
Find the 'Dark' Movie
Find the 'Day' Movie
Find the 'Good' Movie
Recently Updated
Champions League XIs: Real Madrid
pecheneg
Largest US Cities 1790-2010
pecheneg
Rides in Walt Disney World
pecheneg
Most Oscar Losses (Acting)
pecheneg
Beyoncé Albums
pecheneg
Leaping Animals
pecheneg
Reality TV Shows (A-Z)
bhenderson79
Rickey Henderson's Hall of Fame Teammates
pecheneg
Champions League XIs: Arsenal
pecheneg
Quick Pick: Celebrities in WWE's Hall of Fame
aduchscher
Trending Topics
Marvel
NBA
Disney
Harry Potter
Crossword
Kpop
Anime
Pokémon
The Office
Soccer
Puzzle
WWE
Country
NFL
Song
Your Account Isn't Verified!
In order to create a playlist on Sporcle, you need to verify the email address you used during registration. Go to your
Sporcle Settings
to finish the process.
Report this User
Report this user for behavior that violates our
Community Guidelines
.
Details:
Send Report
Go to the Sporcle.com Mobile Site →
Comments